000 00565nam a22001817a 4500
005 20251108170805.0
008 250721s1998 xx 000 0 ara d
082 1 4 _a211/سام
100 1 _aالسامرائي، فاضل صالح
245 1 0 _aلمسات بيانية في نصوص من التنزيل /
264 1 _aبغداد :
_bدار الشؤون الثقافية،
_c1998.
300 _a212ص
650 1 7 _aالعلوم القرآنية
650 1 7 _aنزول القرآن
650 1 7 _aأحكام القرآن
942 _2ddc
_cBK
999 _c49038
_d49038